000
00209 a2200097 4500
001
9632
100
_a
Bragg, Willium
245
_a
The Universe of Light
260
_a
_b
D Van Nostrand
_c
090
_c
7668
_d
7668
942
_a
NUST-CAE
_c
M
_c
34342
999
_c
244705
_d
244705